Enhancing environmentally sustainable growth in Finland

Guardado en:
Detalles Bibliográficos
Autor principal: Vourc'h, Ann
Otros Autores: Jiménez, Miguel
Formato: Libro
Lenguaje:inglés
Publicado: Paris OECD 2000
Colección:Economics department working papers No. 229
Materias:
Etiquetas: Agregar Etiqueta
Sin Etiquetas, Sea el primero en etiquetar este registro!

MARC

LEADER 00000nam a2200000 4500
001 c122660
005 20221221084247.7
041 0 |a eng 
044 |a FR 
245 1 0 |a Enhancing environmentally sustainable growth in Finland  |c by Ann Vourc'h and Miguel Jimenez 
264 1 |a Paris  |b OECD  |c 2000 
300 |a 41 s. 
490 1 |a Economics department working papers  |v No. 229 
830 0 |a Economics department working papers  |v No. 229 
610 2 0 |a ekologizácia 
610 2 0 |a ochrana prostredia životného 
610 2 0 |a politika environmentálna 
610 2 0 |a doprava 
610 2 0 |a emisie 
610 2 0 |a lesy 
610 2 0 |a energia 
610 2 0 |a porovnanie medzinárodné 
610 2 0 |a Fínsko 
100 1 |a Vourc'h, Ann 
700 1 |a Jiménez, Miguel